01467nam a2200325Ia 450000500170000000800410001702000150005808200180007310000200009124500880011125000190019930000420021865000230026065000250028365000200030865000220032865000340035070000280038494200120041226400500042433600270047433700330050133800280053404000350056299900150059795201320061295201340074495201300087895201330100820220317000728.0160601s2003 mx a g 000 0 spa  a968166975404a541.395bF82c1 aFuentes, Sergio10aCatalizadores bla piedra filosofal del siglo XX? cSergio Fuentes, Gabriela Díaz a3a. edición  a95 páginas bilustraciones c23 cm 142LEMBaCatálisis 142LEMBaCatalizadores 142LEMBaAlquimia 142LEMBaAleaciones 142LEMBaIngeniería química 1 aDíaz, Gabriela953514 2ddccBK aMéxico bFondo de Cultura Económicac2003 atextobtxt2rdacontent asin mediaciónbn2rdamedia avolumenbnc2rdacarrier aCO-BoRNBPbspaerdacCO-BoRNBP c4889d4889 00102ddc40708GENaMEPRICObMEPRICOcGENd2023-02-06l0o541.395 F82cpPR00000549r2023-02-06 00:00:00tEj.1w2023-02-06yBK 00102ddc40708GENaMEMAPIRIbMEMAPIRIcGENd2023-12-27l0o541.395 F82cpMAP0000630r2023-12-27 14:57:34tEj.1w2023-12-27yBK 00102ddc40708GENaMEURIBEbMEURIBEcGENd2024-07-31l0o541.395 F82cpURI00650r2024-07-31 10:27:33tEj.1w2024-07-31yBK 00102lcc40708GENaMEPCONCObMEPCONCOcGENd2026-02-11l0o541.395 F82cpPCON00982r2026-02-11 19:30:30tEj.1w2026-02-11yBK